[Event "BL2-Ost 0102 (Women)"]
[Site "?"]
[Date "2001.12.01"]
[Round "3.3"]
[White "Germann Heike"]
[Black "Meffert Claudia"]
[Result "0-1"]
[WhiteElo "2032"]
[BlackElo "1722"]
[PlyCount "88"]
[EventDate "2001.??.??"]
[Source "www.chesslib.no"]
[SourceDate "2004.05.04"]

1. d4 d5 2. c4 e6 3. Nc3 Nf6 4. Bg5 Be7 5. e3 O-O 6. Nf3 h6 7. Bxf6 Bxf6 8. Qc2 b6 9. O-O-O Bb7 10. cxd5 exd5 11. h4 h5 12. Be2 g6 13. Rdg1 Bc8 14. Ne5 Bxe5 15. dxe5 Nc6 16. g4 hxg4 17. Bxg4 Bxg4 18. Rxg4 Nxe5 19. Rg5 f5 20. f4 Ng4 21. h5 Nxe3 22. Qh2 Kg7 23. Qd2 d4 24. hxg6 Rg8 25. Nb5 c5 26. Rh7+ Kf6 27. Rf7+ Ke6 28. Nc7+ Kd6 29. Nxa8 Qxa8 30. Rh7 Qf3 31. Rg1 Qxf4 32. Qh2 Qxh2 33. Rxh2 Ng4 34. Rh5 Ke6 35. Rh7 Rxg6 36. Rxa7 Ke5 37. Rf7 Rf6 38. Rxf6 Nxf6 39. Kd2 c4 40. Rc1 Ne4+ 41. Ke2 d3+ 42. Kf3 Kd4 43. Rh1 d2 44. Ke2 Ng3+ 0-1

[Event "Assisi (open)"]
[Site "?"]
[Date "2003.12.21"]
[Round "3"]
[White "Gambardella Piero"]
[Black "Panella Fiammetta"]
[Result "1-0"]
[WhiteElo "2008"]
[BlackElo "1741"]
[PlyCount "39"]
[EventDate "2003.??.??"]
[Source "www.chesslib.no"]
[SourceDate "2004.05.04"]

1. d4 d5 2. c4 e6 3. Nc3 Nf6 4. Bg5 Be7 5. e3 O-O 6. Nf3 h6 7. Bxf6 Bxf6 8. Qd2 c6 9. h4 Nd7 10. g4 a6 11. g5 hxg5 12. hxg5 Bxg5 13. Nxg5 Qxg5 14. O-O-O b5 15. f4 Qe7 16. Bd3 f5 17. Rdg1 Qf6 18. Qh2 b4 19. Ne2 dxc4 20. Ng3 1-0

[Event "Corr"]
[Site "?"]
[Date "2001.03.12"]
[Round "?"]
[White "Lewis Matthew"]
[Black "Komperda Robert"]
[Result "1/2-1/2"]
[WhiteElo "1833"]
[BlackElo "1775"]
[PlyCount "57"]
[EventDate "2001.??.??"]
[Source "www.chesslib.no"]
[SourceDate "2004.05.04"]

1. d4 d5 2. c4 e6 3. Nc3 Nf6 4. Bg5 Be7 5. e3 O-O 6. Nf3 h6 7. Bxf6 Bxf6 8. Qc2 c5 9. dxc5 Qa5 10. cxd5 exd5 11. O-O-O Bxc3 12. Qxc3 Qxc3+ 13. bxc3 Be6 14. Nd4 Rc8 15. Nxe6 fxe6 16. e4 Rxc5 17. exd5 exd5 18. Rxd5 Rxc3+ 19. Kb2 Rc8 20. Be2 Nc6 21. Rd7 Rd8 22. Rhd1 Rxd7 23. Rxd7 Rd8 24. Bc4+ Kh8 25. Rxb7 Na5 26. Rc7 Rd2+ 27. Kb1 Nxc4 28. Rxc4 Rxf2 29. Rc2 1/2-1/2

[Event "Corr"]
[Site "?"]
[Date "2001.07.30"]
[Round "?"]
[White "Fernandez Felix"]
[Black "Mallet Bruno"]
[Result "1-0"]
[WhiteElo "1252"]
[BlackElo "1300"]
[PlyCount "31"]
[EventDate "2001.??.??"]
[Source "www.chesslib.no"]
[SourceDate "2004.05.04"]

1. d4 d5 2. c4 e6 3. Nc3 Nf6 4. Bg5 Be7 5. e3 O-O 6. Nf3 h6 7. Bxf6 Bxf6 8. Rc1 c6 9. Bd3 Nd7 10. cxd5 exd5 11. O-O Re8 12. Re1 Be7 13. Qb3 Qb6 14. Qc2 Nf6 15. Ne5 Nd7 16. Nxf7 1-0

[Event "Corr"]
[Site "?"]
[Date "2001.01.06"]
[Round "?"]
[White "Nett Philipp"]
[Black "Poblete Litos"]
[Result "1-0"]
[WhiteElo "1240"]
[BlackElo "1226"]
[PlyCount "57"]
[EventDate "2001.??.??"]
[Source "www.chesslib.no"]
[SourceDate "2004.05.04"]

1. d4 d5 2. c4 e6 3. Nc3 Nf6 4. Bg5 Be7 5. e3 O-O 6. Nf3 h6 7. Bf4 c6 8. Bd3 Nbd7 9. O-O dxc4 10. Bxc4 Nb6 11. Bb3 Nbd5 12. Be5 Nxc3 13. bxc3 c5 14. Qd3 cxd4 15. exd4 Bd6 16. Bc2 g6 17. Bxd6 Qxd6 18. Ne5 Qe7 19. Qg3 Nh7 20. Rab1 b6 21. Bxg6 fxg6 22. Nxg6 Qg5 23. Nxf8 Qxg3 24. fxg3 Nxf8 25. Rf6 Kg7 26. Rbf1 Ba6 27. Rf7+ Kg8 28. R1f2 Bc4 29. Rc7 1-0

[Event "Corr"]
[Site "?"]
[Date "2003.12.15"]
[Round "?"]
[White "Saha Tapas"]
[Black "Spencer James"]
[Result "1-0"]
[WhiteElo "1076"]
[BlackElo "1274"]
[PlyCount "23"]
[EventDate "2003.??.??"]
[Source "www.chesslib.no"]
[SourceDate "2004.05.04"]

1. d4 d5 2. c4 e6 3. Nc3 Nf6 4. Bg5 Be7 5. e3 O-O 6. Nf3 h6 7. Bf4 c5 8. Bd3 Nc6 9. O-O b6 10. a3 dxc4 11. Bxc4 Ne5 12. Bxe5 1-0

[Event "Corr"]
[Site "?"]
[Date "2002.12.07"]
[Round "?"]
[White "Van Gimst Herman"]
[Black "Spencer James"]
[Result "0-1"]
[WhiteElo "1127"]
[BlackElo "1152"]
[PlyCount "48"]
[EventDate "2002.??.??"]
[Source "www.chesslib.no"]
[SourceDate "2004.05.04"]

1. d4 d5 2. c4 e6 3. Nc3 Nf6 4. Bg5 Be7 5. e3 O-O 6. Nf3 h6 7. Bf4 c5 8. Ne5 Qb6 9. b3 Qa5 10. Qd2 cxd4 11. Nxd5 Qxd2+ 12. Kxd2 Ne4+ 13. Ke2 exd5 14. cxd5 Nc3+ 15. Kd3 Nxd5 16. Kxd4 Nxf4 17. exf4 Rd8+ 18. Ke3 Nc6 19. Bc4 Bc5+ 20. Kf3 Nxe5+ 21. fxe5 Bb6 22. g3 Rd2 23. Be2 Bd7 24. Rhd1 Bc6+ 0-1